DDS generátor sínusového, obdĺžnikového a trojuholníkového priebehu napätia pre meracie a testovacie účely

Gespeichert in:
Bibliographische Detailangaben
1. Verfasser: Križan, Miloš, 1986- (Verfasst von)
Weitere Verfasser: Brezovič, Zdenko, 1973- (Betreuung Doktorarbeit)
Format: Manuskript Buch
Sprache:Slowakisch
Veröffentlicht: Bratislava : STU v Bratislave FEI, 2010
Schlagworte:
Online-Zugang:VAIS
Tags: Tag hinzufügen
Keine Tags, Fügen Sie das erste Tag hinzu!

MARC

LEADER 00000ntm a22000003a 4500
001 stu209506
005 20150617230104.4
008 100818s2010------------------------slo-d
040 |a STU  |b slo 
041 0 |a slo 
100 1 |a Križan, Miloš,  |d 1986-  |4 aut  |u E  |T FEI Fakulta elektrotechniky a informatiky  |X 30902  |U E  |Y 30  |7 A000030902 
242 0 0 |a DDS generator of the sinus, square and triangle waveform for measure and test puproses  |y eng 
245 1 |a DDS generátor sínusového, obdĺžnikového a trojuholníkového priebehu napätia pre meracie a testovacie účely 
260 |a Bratislava :  |b STU v Bratislave FEI,  |c 2010 
300 |a 91 s 
650 7 |a Rádioelektronika  |2 stusub 
650 7 |a signál  |2 stusub 
650 7 |a priebeh  |2 stusub 
650 7 |a DDS generátory  |2 stusub 
700 1 |a Brezovič, Zdenko,  |d 1973-  |4 ths  |u E030  |U FEI Fakulta elektrotechniky a informatiky  |T FEI Ústav elektroniky a fotoniky  |X 1853  |U E030  |Y 549  |7 A000001853 
856 4 |a info a plný text  |u http://is.stuba.sk/zp/portal_zp.pl?podrobnosti=61415  |3 VAIS